000 00478cam a2200169 4500
001 D10894
008 090401t1980 xxu||||| |||| 00| 0 eng d
035 _a(Sirsi) u96943
041 _aeng
100 _aJames, Malcolm
245 _aOffshore positioning in the South China Sea
260 _c1980
350 _a0
520 _aIn: RICS Land Surveyor`s Division. Survey overseas: Survey Review 50th anniversary meeting...1980. 1980/81 A
942 _n0
948 _c04/03/1997
999 _c98733
_d98733